Rejected Daily Trivia #15 - Statistics

General Stats
  • This quiz has been taken 26 times
  • The average score is 5 of 10
Answer Stats
Question Answer % Correct
What are decapods? Crustaceans
83%
Which of these country flags is NOT a tricolor? Algeria
74%
What is paneer a type of? Cheese
65%
Which popular video game has a sequel titled Silksong? Hollow Knight
65%
Which of the following is NOT a Japanese script? Kunoichi
52%
Which of these is NOT a monster invented by H.P. Lovecraft? Sekhmet
43%
What is an otamatone? A musical instrument
39%
Where does the sports drink Pocari Sweat originate? Japan
39%
Which of these geological periods is the earliest? Triassic
35%
What are A.E. Waite and Pamela Colman Smith known for? Occultism
30%
No matching quizzes found
Score Distribution
Percent of People with Each Score
Percentile by Number Answered
Your Score History
You have not taken this quiz